| 000 | 02910nam a22003737a 4500 | ||
|---|---|---|---|
| 005 | 20120118113854.0 | ||
| 010 | _aB-470562-574 | ||
| 020 |
_a9781445410371 _c450.00 |
||
| 035 | _aB-470562-574 | ||
| 037 |
_adpl _bBlue Berry/Ven |
||
| 082 | _a030 | ||
| 245 |
_aEncyclopedia of knowledge: _bdiscover amaging facts about our world |
||
| 260 |
_aBath BK, UK. _bParragon _c2010 |
||
| 260 |
_aMumbai: _bShree Book Centre, Dist. _c2010 |
||
| 270 |
_aQuen Street House, 4 Queen Street, _bBath BAI IHE, UK |
||
| 300 |
_a224p. _c24 cm (Hb) |
||
| 500 | _aInclude index | ||
| 700 | _939412 | ||
| 942 |
_2ddc _cCH _mENC _h030 |
||
| 999 |
_c61068 _d61068 |
||